000 00648nam a22002417a 4500
003 UA-OsUOA
001 37346
007 ta
008 20060306b un ||||| |||| 00| 0 ukr d
100 _aКривенко К.Т.
090 _a330.133/138
_bК82
942 _cBK
040 _aUA-OsUOA
_bukr
_cUA-OsUOA
_dUA-OsUOA
245 _aТеорія вартості і мінової вартості
_bМонографія
300 _a226 с.
955 _a2
041 _aukr
080 _a330.133/138
020 _a966-574-713-6
260 _aК.
_bКНЕУ
_c2004
650 7 _a330 Економіка взагалі
_2UDC
999 _c323549
_d323549